[Event "Landesklasse Ost 2024/25"]
[Site "?"]
[Date "2025.03.30"]
[Round "7.7"]
[White "Berbig, Georg"]
[Black "Pietsch, Karsten"]
[Result "1-0"]
[WhiteElo "1626"]
[BlackElo "1718"]
[PlyCount "29"]
[EventDate "2024.09.15"]
[EventType "team-tourn"]
[EventRounds "9"]
[WhiteTeam "SSV Vimaria 91 Weimar 2"]
[BlackTeam "TV 1887 Germania Hermsdorf"]

{[%evp 0,29,29,25,28,17,17,22,22,-24,65,60,18,18,11,15,17,-1,23,8,10,-151,-144,-134,-127,-129,-117,-231,65,88,808,812]} 1. e4 e5 2. Nf3 Nc6 3. Nc3 Nf6 4. a3 a6 5. d4 exd4 6. Nxd4 Nxe4 7. Nxe4 Qe7 8. Bd3 Nxd4 9. O-O d5 10. Bg5 f6 11. Bxf6 gxf6 12. Qh5+ Kd8 13. Rfe1 Qe5 14. Ng5 Bg4 15. Nf7+ 1-0

[Event "Landesklasse Ost 2024/25"]
[Site "?"]
[Date "2025.03.30"]
[Round "7.8"]
[White "Kretschmann, Ralph"]
[Black "Bock, Leonas"]
[Result "1/2-1/2"]
[WhiteElo "1233"]
[BlackElo "1607"]
[PlyCount "35"]
[EventDate "2024.09.15"]
[EventType "team-tourn"]
[EventRounds "9"]
[WhiteTeam "TV 1887 Germania Hermsdorf"]
[BlackTeam "SSV Vimaria 91 Weimar 2"]

{[%evp 0,35,25,17,51,12,19,16,14,-2,3,-3,6,10,23,-22,1,-48,-46,-66,-59,-99,-68,-67,-23,-20,-22,-39,8,9,9,-69,-57,-57,-58,-61,-55,-74]} 1. e4 c5 2. c3 Nf6 3. e5 Nd5 4. Nf3 Nc6 5. Bc4 e6 6. O-O Be7 7. Bxd5 exd5 8. Qb3 c4 9. Qc2 d6 10. Re1 O-O 11. d4 Re8 12. Bf4 dxe5 13. Nxe5 Bg5 14. Bxg5 Qxg5 15. Nf3 Rxe1+ 16. Nxe1 Bf5 17. Qd2 Re8 18. Nf3 1/2-1/2

[Event "Landesklasse Ost 2024/25"]
[Site "?"]
[Date "2025.03.30"]
[Round "7.1"]
[White "Buring, Matthias"]
[Black "Kania, Markus"]
[Result "1/2-1/2"]
[WhiteElo "2000"]
[BlackElo "2064"]
[PlyCount "37"]
[EventDate "2024.09.15"]
[EventType "team-tourn"]
[EventRounds "9"]
[WhiteTeam "SG Arnstadt-Stadtilm"]
[BlackTeam "MTV 1876 Saalfeld"]

1. d4 d5 2. Nf3 Nf6 3. c4 c6 4. Nc3 dxc4 5. a4 Bf5 6. e3 e6 7. Bxc4 Bb4 8. O-O O-O 9. Qb3 Qb6 10. Ne5 Nbd7 11. Nxd7 Nxd7 12. Ne2 a5 13. Ng3 Bg6 14. Rd1 h5 15. Bxe6 fxe6 16. Qxe6+ Bf7 17. Qxd7 h4 18. Nf1 Bb3 19. Bd2 1/2-1/2

[Event "Landesklasse Ost 2024/25"]
[Site "?"]
[Date "2025.03.30"]
[Round "7.2"]
[White "Seidel, Thomas"]
[Black "Sauer, Marko"]
[Result "1/2-1/2"]
[WhiteElo "1879"]
[BlackElo "2033"]
[PlyCount "51"]
[EventDate "2024.09.15"]
[EventType "team-tourn"]
[EventRounds "9"]
[WhiteTeam "MTV 1876 Saalfeld"]
[BlackTeam "SG Arnstadt-Stadtilm"]

1. e4 c5 2. c4 d6 3. Nc3 Nc6 4. Nf3 Nf6 5. h3 e5 6. d3 h6 7. Be2 a6 8. Nd5 Bd7 9. O-O Be7 10. Nh2 Nd4 11. f4 Nxd5 12. cxd5 Bf6 13. Bg4 Bxg4 14. Nxg4 h5 15. Nxf6+ gxf6 16. Be3 Qb6 17. fxe5 dxe5 18. Bxd4 cxd4 19. Rf5 Rc8 20. Qf3 Rh6 21. Rf1 Ke7 22. Rxh5 Rxh5 23. Qxh5 Rc2 24. Rf2 Rxf2 25. Kxf2 Qxb2+ 26. Qe2 1/2-1/2

[Event "Landesklasse Ost 2024/25"]
[Site "?"]
[Date "2025.03.30"]
[Round "7.3"]
[White "Heß, Jürgen"]
[Black "Bellmann, Daniel"]
[Result "1-0"]
[WhiteElo "1878"]
[BlackElo "1814"]
[PlyCount "167"]
[EventDate "2024.09.15"]
[EventType "team-tourn"]
[EventRounds "9"]
[WhiteTeam "SG Arnstadt-Stadtilm"]
[BlackTeam "MTV 1876 Saalfeld"]

1. e4 c6 2. d4 d5 3. Nc3 dxe4 4. Nxe4 Nf6 5. Nxf6+ exf6 6. c3 Bd6 7. Bd3 O-O 8. Ne2 Qc7 9. g3 Bh3 10. Bf4 Re8 11. Bxd6 Qxd6 12. Qc2 Qd5 13. O-O-O Qxa2 14. Nf4 Bg4 15. Rde1 Nd7 16. Bxh7+ Kh8 17. Be4 Nf8 18. f3 Be6 19. Nxe6 Rxe6 20. Bf5 Ree8 21. Re4 Qa1+ 22. Qb1 Qxb1+ 23. Kxb1 g6 24. Bg4 f5 25. Rxe8 Rxe8 26. Bh3 Re2 27. f4 Nh7 28. Kc1 Nf6 29. Bf1 Rf2 30. Bd3 Ne4 31. Re1 Kg7 32. Bxe4 fxe4 33. Rxe4 Kf6 34. Re8 Rxh2 35. Rb8 Kf5 36. Rxb7 Ke4 37. Rxf7 Kd3 38. Kb1 Rg2 39. Rc7 Rxg3 40. Rxc6 a5 41. Rc5 Rf3 42. Rg5 Rxf4 43. Rxg6 Kc4 44. Ka2 Rf5 45. Ka3 Rf1 46. Rc6+ Kb5 47. Rc5+ Kb6 48. Kb3 Rf2 49. Rh5 Rd2 50. Rh6+ Kb7 51. Ka4 Rxb2 52. Kxa5 Kc7 53. Ka4 Kd7 54. Ka3 Rb1 55. Rh2 Kc6 56. Rb2 Rc1 57. Kb3 Kd5 58. Re2 Kd6 59. Kc4 Ra1 60. Rh2 Ra4+ 61. Kd3 Ra3 62. Rh6+ Kd5 63. Rh5+ Kd6 64. Rc5 Ra1 65. Rb5 Kc6 66. Kc4 Ra4+ 67. Rb4 Ra6 68. d5+ Kd6 69. Kd4 Ra1 70. Rb6+ Kc7 71. Kc5 Ra5+ 72. Rb5 Ra7 73. c4 Kd7 74. Rb6 Kc7 75. d6+ Kd7 76. Kd5 Ra5+ 77. Rb5 Ra1 78. Rb7+ Kc8 79. Kc6 Ra6+ 80. Rb6 Ra8 81. c5 Kd8 82. Rb4 Ra6+ 83. Kd5 Ra1 84. Rb8+ 1-0

[Event "Landesklasse Ost 2024/25"]
[Site "?"]
[Date "2025.03.30"]
[Round "7.4"]
[White "Böhl, Dietmar"]
[Black "Kaiser, Markus"]
[Result "0-1"]
[WhiteElo "1805"]
[BlackElo "1781"]
[PlyCount "36"]
[EventDate "2024.09.15"]
[EventType "team-tourn"]
[EventRounds "9"]
[WhiteTeam "MTV 1876 Saalfeld"]
[BlackTeam "SG Arnstadt-Stadtilm"]

1. e4 c6 2. Nc3 d5 3. Nf3 dxe4 4. Nxe4 Nf6 5. Ng3 h5 6. h4 Bg4 7. Be2 e6 8. d3 Bd6 9. Ne4 Nxe4 10. dxe4 Qe7 11. Nd4 Bxe2 12. Qxe2 Nd7 13. Be3 O-O-O 14. Nxc6 bxc6 15. Qa6+ Kc7 16. Qxa7+ Kc8 17. O-O-O Nb8 18. Qa4 Bc5 0-1

[Event "Landesklasse Ost 2024/25"]
[Site "?"]
[Date "2025.03.30"]
[Round "7.5"]
[White "Degel, Steven"]
[Black "Wagner, Ronald"]
[Result "1-0"]
[WhiteElo "1590"]
[BlackElo "1775"]
[PlyCount "80"]
[EventDate "2024.09.15"]
[EventType "team-tourn"]
[EventRounds "9"]
[WhiteTeam "SG Arnstadt-Stadtilm"]
[BlackTeam "MTV 1876 Saalfeld"]

1. c4 Nf6 2. Nc3 g6 3. g3 Bg7 4. Bg2 d6 5. d4 O-O 6. Nf3 Nc6 7. O-O a6 8. a3 e5 9. d5 Ne7 10. e4 Nd7 11. b4 h6 12. Bb2 f5 13. exf5 gxf5 14. Rc1 e4 15. Nd4 Ne5 16. Ba1 Nd3 17. Ne6 Bxe6 18. dxe6 Nxc1 19. Qxc1 c6 20. Rd1 Qc7 21. Ne2 Ng6 22. Bxg7 Kxg7 23. Nf4 Qe7 24. Nh5+ Kh7 25. Qc3 Rad8 26. h4 Ne5 27. Nf4 Qg7 28. Nh5 Qe7 29. Nf4 Rf6 30. c5 Nd3 31. Nxd3 exd3 32. Rxd3 Rxe6 33. cxd6 Rexd6 34. Rf3 Qf6 35. Qc2 Rd2 36. Qb3 Rb2 37. Qe3 Rd1+ 38. Kh2 Rdd2 39. Bh3 Re2 40. Qb6 Qe7 1-0

[Event "Landesklasse Ost 2024/25"]
[Site "?"]
[Date "2025.03.30"]
[Round "7.6"]
[White "Müller, Jürgen"]
[Black "Marufke, Kai"]
[Result "1/2-1/2"]
[WhiteElo "1766"]
[BlackElo "1683"]
[PlyCount "114"]
[EventDate "2024.09.15"]
[EventType "team-tourn"]
[EventRounds "9"]
[WhiteTeam "MTV 1876 Saalfeld"]
[BlackTeam "SG Arnstadt-Stadtilm"]

1. e4 e5 2. Nf3 Nc6 3. Bb5 a6 4. Ba4 d6 5. h3 Be7 6. Nc3 Nf6 7. O-O O-O 8. Bxc6 bxc6 9. d4 exd4 10. Nxd4 c5 11. Nc6 Qd7 12. Nxe7+ Qxe7 13. Bg5 Bb7 14. Re1 Qe6 15. Bxf6 Qxf6 16. Rb1 Qg5 17. Nd5 Bxd5 18. Qxd5 Qxd5 19. exd5 Rfe8 20. f4 Kf8 21. Kf2 Rab8 22. b3 Re7 23. Rxe7 Kxe7 24. Re1+ Kd7 25. Re4 c6 26. dxc6+ Kxc6 27. c3 d5 28. Re7 Rb7 29. Re8 Rd7 30. Ke2 Kb5 31. Kd3 d4 32. a4+ Kc6 33. Rc8+ Kb6 34. Re8 dxc3+ 35. Kxc3 h5 36. Re5 g6 37. h4 Kc6 38. g3 Kb6 39. f5 Rd6 40. fxg6 fxg6 41. Re4 Kc6 42. Kc4 Kb6 43. Re5 Rd4+ 44. Kc3 Rd6 45. Rg5 Kc6 46. g4 hxg4 47. Rxg4 Kb6 48. Rg5 Kc6 49. h5 gxh5 50. Rxh5 Kb6 51. Rh8 Rg6 52. Rh4 Kc6 53. Rf4 Rh6 54. Rc4 Kd5 55. Rg4 Rh3+ 56. Kb2 Rh2+ 57. Kc3 Rh3+ 1/2-1/2

[Event "Landesklasse Ost 2024/25"]
[Site "?"]
[Date "2025.03.30"]
[Round "7.7"]
[White "Jank, Kevin"]
[Black "Pods, Werner"]
[Result "0-1"]
[WhiteElo "1780"]
[BlackElo "1448"]
[PlyCount "88"]
[EventDate "2024.09.15"]
[EventType "team-tourn"]
[EventRounds "9"]
[WhiteTeam "SG Arnstadt-Stadtilm"]
[BlackTeam "MTV 1876 Saalfeld"]

1. e4 c5 2. Nf3 Nc6 3. d4 cxd4 4. Nxd4 e5 5. Nb5 d6 6. N1c3 a6 7. Na3 b5 8. Nd5 Nge7 9. Be3 Nxd5 10. Qxd5 Qc7 11. Qd2 Be7 12. Be2 O-O 13. O-O Be6 14. c4 b4 15. Nc2 a5 16. f4 f5 17. exf5 exf4 18. Bxf4 Bxf5 19. Bf3 Rad8 20. Qd5+ Kh8 21. Ne3 Bd7 22. Bg3 Ne5 23. Bxe5 dxe5 24. Qe4 Bc5 25. Kh1 Rf4 26. Nd5 Rxe4 27. Nxc7 Rxc4 28. Rac1 Rxc1 29. Rxc1 Bd4 30. b3 Rc8 31. Bb7 Rf8 32. Bf3 g5 33. h3 Bxh3 34. gxh3 Rxf3 35. Ne6 Rxh3+ 36. Kg2 Rc3 37. Rf1 Rc8 38. Kh3 Be3 39. Rf6 Bf4 40. Kg4 Kg8 41. Kf3 h5 42. Ke4 g4 43. Kf5 g3 44. Rg6+ Kh8 0-1

[Event "Landesklasse Ost 2024/25"]
[Site "?"]
[Date "2025.03.30"]
[Round "7.8"]
[White "Samarskyi, Oleksii (Aljosha)"]
[Black "Rudolf, Robby"]
[Result "1-0"]
[WhiteElo "1326"]
[BlackElo "1541"]
[PlyCount "73"]
[EventDate "2024.09.15"]
[EventType "team-tourn"]
[EventRounds "9"]
[WhiteTeam "MTV 1876 Saalfeld"]
[BlackTeam "SG Arnstadt-Stadtilm"]

1. d4 d5 2. c4 dxc4 3. Nc3 e6 4. e4 Bb4 5. Bxc4 Nf6 6. Bg5 h6 7. Bh4 g5 8. Bg3 Bxc3+ 9. bxc3 Nxe4 10. Qd3 Nxg3 11. Qxg3 Qd6 12. Qf3 c6 13. Ne2 Nd7 14. Ng3 b5 15. Bxb5 Bb7 16. Bc4 Rb8 17. Ne4 Qe7 18. Qe3 Nb6 19. Bb3 Nd5 20. Bxd5 cxd5 21. Nc5 Bc6 22. Qe5 O-O 23. O-O Rb2 24. f4 Bb5 25. Rf3 Re2 26. Re3 Rxe3 27. Qxe3 Qf6 28. fxg5 Qxg5 29. Qf2 Qg6 30. a4 Bc6 31. Rf1 Rb8 32. h3 Be8 33. Kh2 a5 34. Re1 Kh7 35. Re3 Rb6 36. Rg3 Qh5 37. Qf6 1-0

[Event "Landesklasse Ost 2024/25"]
[Site "?"]
[Date "2025.03.30"]
[Round "7.1"]
[White "Tobal, Elias"]
[Black "Kaipalath, Varun Raj"]
[Result "0-1"]
[WhiteElo "1955"]
[BlackElo "1862"]
[PlyCount "90"]
[EventDate "2024.09.15"]
[EventType "team-tourn"]
[EventRounds "9"]
[WhiteTeam "SC Turm Erfurt"]
[BlackTeam "SV Schott Jena 2"]

{[%evp 0,90,36,4,46,52,81,88,61,31,31,38,81,37,66,67,76,58,49,46,36,39,33,26,39,18,0,-22,0,-62,-51,-89,-76,-88,-89,-66,-48,-57,-47,-52,-53,-46,-45,-60,-15,19,11,-215,-40,-56,-30,-224,-223,-217,-223,-223,-229,-237,-191,-197,-207,-216,-208,-226,-231,-271,-255,-259,-274,-291,-310,-316,-317,-355,-336,-333,-257,-292,-297,-317,-325,-328,-329,-340,-340,-342,-350,-434,-432,-441,-445,-445,-440]} 1. e4 c5 2. Nf3 d6 3. d4 cxd4 4. Nxd4 Nf6 5. Nc3 a6 6. Bg5 Nbd7 7. f3 Qc7 8. Qd2 e6 9. a4 Be7 10. Be2 O-O 11. O-O b6 12. Rae1 Bb7 13. Bd1 Ne5 14. b3 Rac8 15. Nce2 Rfd8 16. Kh1 d5 17. Bxf6 Bxf6 18. f4 Nc6 19. e5 Bh4 20. g3 Be7 21. Nxc6 d4 22. Nexd4 Qxc6+ 23. Bf3 Qxf3+ 24. Rxf3 Bxf3+ 25. Kg1 Rxd4 26. Qxd4 Bc5 27. Qxc5 Rxc5 28. Kf2 Bc6 29. c4 Kf8 30. Rd1 b5 31. cxb5 axb5 32. axb5 Bxb5 33. Rd8+ Ke7 34. Rb8 Rc2+ 35. Ke3 Bd7 36. h4 Rc3+ 37. Kf2 h5 38. b4 Rb3 39. Rb7 Kd8 40. Rb8+ Bc8 41. Rb5 Kd7 42. Rb8 Kc7 43. Rb5 Bb7 44. Rc5+ Kb6 45. Rc4 Rf3+ 0-1

[Event "Landesklasse Ost 2024/25"]
[Site "?"]
[Date "2025.03.30"]
[Round "7.2"]
[White "Kavehei, Hamed"]
[Black "McLeod, Andrew"]
[Result "1/2-1/2"]
[WhiteElo "1735"]
[BlackElo "1838"]
[PlyCount "44"]
[EventDate "2024.09.15"]
[EventType "team-tourn"]
[EventRounds "9"]
[WhiteTeam "SV Schott Jena 2"]
[BlackTeam "SC Turm Erfurt"]

{[%evp 0,44,27,27,30,21,30,-4,-26,-1,21,14,22,16,-53,-32,-32,-104,-79,-132,-64,-84,-77,-87,-58,-75,-21,-38,41,19,281,241,241,25,32,8,8,8,16,-2,-8,7,23,19,11,16,24]} 1. d4 Nf6 2. Bf4 d5 3. c4 e6 4. e3 c5 5. Nf3 cxd4 6. Nxd4 Nbd7 7. Qa4 Be7 8. Nb5 e5 9. Bg3 O-O 10. cxd5 Nxd5 11. Be2 Bb4+ 12. N1c3 Nc5 13. Qc2 Qf6 14. O-O Be6 15. Nxd5 Bxd5 16. Nc3 Bc6 17. a3 Bxc3 18. Qxc3 Ne4 19. Qa5 Nxg3 20. hxg3 Qe7 21. Rac1 Rfd8 22. Rfd1 Rd6 1/2-1/2

[Event "Landesklasse Ost 2024/25"]
[Site "?"]
[Date "2025.03.30"]
[Round "7.3"]
[White "Schade, Holger"]
[Black "Eichhorn, Mathilda"]
[Result "1-0"]
[WhiteElo "1770"]
[BlackElo "1757"]
[PlyCount "59"]
[EventDate "2024.09.15"]
[EventType "team-tourn"]
[EventRounds "9"]
[WhiteTeam "SC Turm Erfurt"]
[BlackTeam "SV Schott Jena 2"]

{[%evp 0,59,27,27,27,-3,-6,-6,6,-21,-2,-26,12,25,37,46,49,32,44,12,26,15,30,40,41,41,41,33,45,44,101,95,95,65,57,61,60,21,49,21,15,19,6,24,45,25,33,31,63,75,82,76,66,49,105,80,118,112,150,192,205,195]} 1. d4 e6 2. c4 Nf6 3. Nc3 d5 4. cxd5 exd5 5. Bg5 Be7 6. e3 c6 7. Bd3 h6 8. Bh4 O-O 9. Qc2 b6 10. Nf3 Bb7 11. O-O Nbd7 12. Rac1 Re8 13. Bf5 a6 14. Na4 g5 15. Bg3 b5 16. Nc5 Bxc5 17. dxc5 Ne4 18. Bxe4 Rxe4 19. Nd2 Re8 20. e4 Nf6 21. Rfe1 dxe4 22. Bd6 e3 23. fxe3 Bc8 24. e4 Be6 25. a3 Nd7 26. e5 Kg7 27. Nf3 Bd5 28. Nd4 Nf8 29. Nf5+ Kh8 30. Nxh6 1-0

[Event "Landesklasse Ost 2024/25"]
[Site "?"]
[Date "2025.03.30"]
[Round "7.4"]
[White "Bunke, Wilfried"]
[Black "Strohner, Maximilian"]
[Result "1/2-1/2"]
[WhiteElo "1865"]
[BlackElo "1771"]
[PlyCount "69"]
[EventDate "2024.09.15"]
[EventType "team-tourn"]
[EventRounds "9"]
[WhiteTeam "SV Schott Jena 2"]
[BlackTeam "SC Turm Erfurt"]

{[%evp 0,69,27,27,27,-16,-3,-6,15,1,11,13,11,9,47,40,61,30,27,27,29,37,37,28,21,0,38,2,29,23,13,0,-8,-2,-2,-10,6,-14,-12,-17,-10,-10,-13,-13,-24,-27,-9,-18,46,59,109,34,32,28,30,30,31,31,31,31,31,27,29,23,53,36,47,30,22,0,14,0]} 1. d4 d5 2. c4 e6 3. Nc3 a6 4. cxd5 exd5 5. Nf3 Nf6 6. Bg5 c6 7. e3 Bf5 8. Bd3 Bxd3 9. Qxd3 Be7 10. O-O Nbd7 11. Rfe1 O-O 12. a3 a5 13. e4 dxe4 14. Nxe4 Re8 15. Nxf6+ Nxf6 16. Qb3 Qc7 17. Rac1 Rad8 18. h3 Nd5 19. Bxe7 Rxe7 20. Rxe7 Qxe7 21. Re1 Qc7 22. Qc2 h6 23. Qc5 Nf4 24. Re7 Qd6 25. Qxd6 Rxd6 26. Rxb7 Ne2+ 27. Kf1 Nxd4 28. Nxd4 Rxd4 29. Ke2 Rd5 30. Ke3 Kf8 31. f4 g5 32. fxg5 hxg5 33. Kf3 Kg7 34. g3 Kg6 35. Rb6 1/2-1/2

[Event "Landesklasse Ost 2024/25"]
[Site "?"]
[Date "2025.03.30"]
[Round "7.5"]
[White "Stöcklein, Paul"]
[Black "Jordan, Gunter"]
[Result "1/2-1/2"]
[WhiteElo "1634"]
[BlackElo "1785"]
[PlyCount "97"]
[EventDate "2024.09.15"]
[EventType "team-tourn"]
[EventRounds "9"]
[WhiteTeam "SC Turm Erfurt"]
[BlackTeam "SV Schott Jena 2"]

{[%evp 0,97,30,23,11,19,11,4,47,45,50,44,84,42,43,43,95,72,141,119,90,88,95,42,45,-9,-15,-33,-29,-28,-37,-52,-51,-47,-58,-58,-58,-75,-76,-86,-72,-119,-55,-73,-25,-9,18,-9,-10,-20,-17,-12,-5,-9,-4,-4,-8,-41,-36,-33,-40,-39,-35,-47,-43,-41,-40,-43,-41,-34,-36,-48,-52,-54,-54,-62,-66,-86,-89,-85,-75,-79,-55,-79,-79,-61,-67,-67,-56,-62,-60,-71,-71,-71,-71,-71,-71,-80,-44,-49]} 1. e4 e5 2. Nf3 Nc6 3. Bb5 f5 4. d3 fxe4 5. dxe4 d6 6. O-O Nf6 7. Nc3 Be6 8. Ng5 Bg4 9. f3 Bh5 10. Qd3 h6 11. Nh3 Be7 12. Qc4 Qd7 13. f4 Bf7 14. Qa4 O-O 15. b3 a6 16. Bxc6 Qxc6 17. Qxc6 bxc6 18. fxe5 dxe5 19. Bb2 Bc5+ 20. Nf2 Bg6 21. Kh1 Bxf2 22. Rxf2 Nxe4 23. Rxf8+ Rxf8 24. Nxe4 Bxe4 25. Kg1 Rd8 26. Re1 Bxc2 27. Bxe5 Re8 28. Bg3 Rxe1+ 29. Bxe1 Bb1 30. a3 c5 31. Bf2 Bc2 32. Bxc5 Bxb3 33. Kf2 Kf7 34. Ke3 g6 35. h4 Ke6 36. Kd4 Kf5 37. Kc3 Bd5 38. g3 Kg4 39. Bf2 Kf3 40. Be1 h5 41. Kd2 c5 42. Kc3 Be6 43. Kd2 a5 44. Kc3 a4 45. Kd2 Bh3 46. Kc3 Bf1 47. Kd2 Bc4 48. Kc3 Ke2 49. Bd2 1/2-1/2

[Event "Landesklasse Ost 2024/25"]
[Site "?"]
[Date "2025.03.30"]
[Round "7.6"]
[White "Hirsch, Tilo"]
[Black "Waldhelm, Bernward"]
[Result "0-1"]
[WhiteElo "1711"]
[BlackElo "1606"]
[PlyCount "88"]
[EventDate "2024.09.15"]
[EventType "team-tourn"]
[EventRounds "9"]
[WhiteTeam "SV Schott Jena 2"]
[BlackTeam "SC Turm Erfurt"]

{[%evp 0,88,30,19,46,47,81,62,59,38,38,30,43,41,52,35,24,24,30,29,29,-3,9,-2,-2,-8,-15,-15,-14,-14,-6,-2,-5,-5,-5,-6,21,-10,38,-21,28,-35,-33,-67,-68,-128,-138,-134,-92,-76,-62,-56,-47,-21,-3,0,1,1,-1,7,7,0,0,0,0,0,0,-54,-26,-33,-37,-41,47,31,62,-60,11,14,1,0,-1,-106,-109,-117,-137,-249,-340,-345,-345,-350,-357]} 1. e4 c5 2. Nf3 d6 3. d4 cxd4 4. Nxd4 Nf6 5. Nc3 a6 6. Be2 e5 7. Nf3 Be7 8. O-O h6 9. h3 Be6 10. Be3 O-O 11. Nh2 d5 12. exd5 Nxd5 13. Nxd5 Bxd5 14. c4 Be4 15. Bf3 Bxf3 16. Nxf3 Nc6 17. Re1 Bf6 18. Nd2 Qd3 19. Qe2 e4 20. Rab1 Rfe8 21. b3 Nb4 22. Qxd3 exd3 23. Bc5 Rxe1+ 24. Rxe1 Bc3 25. Rd1 Re8 26. Nb1 Re1+ 27. Rxe1 Bxe1 28. Bxb4 Bxb4 29. Kf1 f5 30. a3 Bc5 31. b4 Bd4 32. Nd2 Kf7 33. Ke1 Ke6 34. Nb3 Bc3+ 35. Kd1 b6 36. Nc1 Bb2 37. a4 Bxc1 38. Kxc1 Ke5 39. Kd2 Kd4 40. a5 bxa5 41. c5 Kd5 42. Kxd3 axb4 43. c6 Kxc6 44. Kc4 a5 0-1

[Event "Landesklasse Ost 2024/25"]
[Site "?"]
[Date "2025.03.30"]
[Round "7.7"]
[White "Pinkau, Eric"]
[Black "Junge, Jannis Samuel"]
[Result "1/2-1/2"]
[WhiteElo "1486"]
[BlackElo "1769"]
[PlyCount "44"]
[EventDate "2024.09.15"]
[EventType "team-tourn"]
[EventRounds "9"]
[WhiteTeam "SC Turm Erfurt"]
[BlackTeam "SV Schott Jena 2"]

1. d4 Nf6 2. Bg5 g6 3. Bxf6 exf6 4. e3 Bg7 5. c4 f5 6. g3 O-O 7. Bg2 c5 8. Ne2 Nc6 9. O-O Qb6 10. Qb3 cxd4 11. Qxb6 axb6 12. Nxd4 Nxd4 13. exd4 Bxd4 14. Nc3 d6 15. Rfd1 Bxc3 16. bxc3 Rd8 17. Rd2 Ra3 18. Rb1 Rxc3 19. Bd5 f4 20. Rxb6 Bh3 21. Rd1 Bc8 22. gxf4 Kg7 1/2-1/2

[Event "Landesklasse Ost 2024/25"]
[Site "?"]
[Date "2025.03.30"]
[Round "7.8"]
[White "Traber, Heidi"]
[Black "Grüner, Nico"]
[Result "0-1"]
[WhiteElo "1225"]
[BlackElo "1565"]
[PlyCount "102"]
[EventDate "2024.09.15"]
[EventType "team-tourn"]
[EventRounds "9"]
[WhiteTeam "SV Schott Jena 2"]
[BlackTeam "SC Turm Erfurt"]

{[%evp 0,102,27,27,30,21,21,-1,4,-28,-9,-15,-15,-6,24,9,27,-35,-19,-17,11,11,14,22,17,-2,-1,8,46,9,42,-25,3,-27,-20,-64,170,-55,-55,-142,-53,-53,-61,-145,-156,-179,-156,-158,-170,-175,-194,-153,-113,-122,-106,-122,-87,-108,-99,-113,-54,-92,-85,-91,-65,-70,-73,-70,-79,-75,-75,-78,-70,-66,-71,-71,-89,-93,-103,-167,-167,-167,-121,-163,-162,-310,-374,-638,-946,-946,-1015,-1015,-1015,-1015,-1088,-1230,-1056,-1067,-1093,-1132,-1132,-1154,-1197,-1197,-1904]} 1. d4 Nf6 2. e3 g6 3. Bd3 Bg7 4. f4 O-O 5. Nf3 d6 6. O-O Nbd7 7. Nc3 c5 8. Ne2 cxd4 9. exd4 Qb6 10. c3 e5 11. fxe5 dxe5 12. Bc4 exd4 13. Nexd4 Nc5 14. b4 Ne6 15. Re1 Rd8 16. Be3 Ng4 17. Bxe6 Nxe3 18. Rxe3 Bxe6 19. Qd2 Bg4 20. Ne5 Be6 21. h3 Bh6 22. a3 Rac8 23. Rae1 Qd6 24. Qf2 Bxe3 25. Rxe3 Rxc3 26. Rxc3 Qxe5 27. Rd3 Rc8 28. Rd1 Bc4 29. Nf3 Qe2 30. Rd2 Qxf2+ 31. Kxf2 Be6 32. Ng5 Bf5 33. g4 Rc2 34. Rxc2 Bxc2 35. Ke3 h6 36. Ne4 Bxe4 37. Kxe4 Kg7 38. h4 Kf6 39. Kf4 Ke6 40. Ke4 f6 41. a4 a6 42. h5 g5 43. b5 axb5 44. axb5 b6 45. Kd4 f5 46. gxf5+ Kxf5 47. Ke3 Ke5 48. Kf3 Kd5 49. Kg4 Kc5 50. Kf5 Kxb5 51. Kg6 g4 0-1

[Event "Landesklasse Ost 2024/25"]
[Site "?"]
[Date "2025.03.30"]
[Round "7.1"]
[White "Greiner, Timo"]
[Black "Besancon, Pascal"]
[Result "1/2-1/2"]
[WhiteElo "2024"]
[BlackElo "1867"]
[PlyCount "93"]
[EventDate "2024.09.15"]
[EventType "team-tourn"]
[EventRounds "9"]
[WhiteTeam "SV Thuringia Königsee"]
[BlackTeam "Schachklub Weida"]

{[%evp 0,93,18,5,77,75,80,80,90,50,64,62,56,43,36,40,35,29,50,45,62,29,60,49,65,46,32,1,1,4,147,202,214,42,19,12,11,25,6,11,5,-26,-23,-45,-25,-63,-27,-49,-3,-32,-33,-32,-45,-46,-43,-17,-43,-47,-53,-78,0,-5,0,-16,-15,-5,117,117,213,213,223,208,232,104,82,103,103,103,103,65,110,67,89,69,73,69,162,123,183,150,131,137,147,132,132,132]} 1. e4 d6 2. d4 Nf6 3. Nc3 e5 4. Nf3 Nbd7 5. Bc4 Be7 6. O-O O-O 7. Re1 c6 8. a4 a5 9. h3 Qc7 10. Ba2 Re8 11. Be3 Nf8 12. Nh4 Nxe4 13. Nxe4 Bxh4 14. dxe5 dxe5 15. Qh5 Bd8 16. Rad1 Be6 17. Nd6 Re7 18. Bxe6 Rxe6 19. Bb6 Qe7 20. Bxd8 Rxd8 21. Nc4 Rd5 22. Qf3 e4 23. Qe3 Qd8 24. Qe2 Ng6 25. Ne3 Rxd1 26. Rxd1 Rd6 27. Rxd6 Qxd6 28. Nc4 Qd5 29. b3 f5 30. Qe1 Nf4 31. Ne3 Qc5 32. Qd2 Qd4 33. Qxa5 g6 34. Qa8+ Kg7 35. Qxb7+ Kh6 36. Qe7 Qa1+ 37. Kh2 Ne2 38. Qh4+ Kg7 39. Qe7+ Kh6 40. Qh4+ Kg7 41. Qe7+ Kg8 42. Qd8+ Kg7 43. Qd1 Qe5+ 44. g3 Nd4 45. Nc4 Qd5 46. Ne3 Qe5 47. Nc4 1/2-1/2

[Event "Landesklasse Ost 2024/25"]
[Site "?"]
[Date "2025.03.30"]
[Round "7.2"]
[White "Künzel, Andre"]
[Black "Kreutzmann, Henry"]
[Result "1-0"]
[WhiteElo "1937"]
[BlackElo "1801"]
[PlyCount "87"]
[EventDate "2024.09.15"]
[EventType "team-tourn"]
[EventRounds "9"]
[WhiteTeam "Schachklub Weida"]
[BlackTeam "SV Thuringia Königsee"]

{[%evp 0,87,18,18,29,24,26,25,12,3,23,28,31,14,35,-7,-12,-22,23,34,53,37,53,35,35,57,61,34,51,29,30,28,31,8,2,0,-1,1,-4,-5,3,0,-8,-27,-15,-18,116,71,97,97,146,149,140,155,155,122,144,135,147,140,162,143,155,177,207,214,214,148,220,128,128,128,143,128,169,143,143,138,190,194,196,154,146,156,147,167,220,157,355,355]} 1. d4 d5 2. Nf3 e6 3. Bf4 Bd6 4. e3 Nf6 5. Nbd2 O-O 6. Bd3 b6 7. Qe2 c5 8. c3 cxd4 9. Bxd6 Qxd6 10. exd4 Nc6 11. Ne5 Bb7 12. O-O Nd7 13. Nxd7 Qxd7 14. Nf3 f6 15. Rfe1 Rae8 16. Qc2 g6 17. Bb5 a6 18. Bxc6 Bxc6 19. Re3 Re7 20. Rae1 Rfe8 21. Nh4 Kg7 22. Rg3 f5 23. Rge3 Qd6 24. Nf3 Qf4 25. Ne5 Bb7 26. Qb3 b5 27. Qb4 Qh6 28. Qd6 g5 29. Nf3 g4 30. Ne5 Qf6 31. Nd3 Bc8 32. Nf4 Kf7 33. Nd3 Kg7 34. Nb4 Rd7 35. Qc6 Rde7 36. Qc5 Kf7 37. Nc6 Rb7 38. Qd6 h5 39. Ne5+ Kg7 40. Nd3 Rd7 41. Qc6 Rde7 42. Nf4 Qf7 43. Qd6 Kf6 44. Nxd5+ 1-0